[Event "15th Lazio Festival 2022"]
[Site "Rome"]
[Date "2022.01.06"]
[Round "6.6"]
[White "De Blasio, Alessandro"]
[Black "Maldonado, Stefano"]
[Result "1-0"]
[WhiteElo "1934"]
[BlackElo "1916"]
[Annotator "ChessBase"]
[PlyCount "83"]
[EventDate "2022.01.02"]
[EventType "swiss"]
[EventCountry "ITA"]
[SourceTitle "playchess.com"]
[Source "ChessBase"]
[SourceQuality "1"]
[TimeControl "5400+30"]

1. e4 {[%emt 1:31:00]} e5 {[%emt 1:31:00]} 2. Nc3 {[%emt 0:00:30]} Nf6 {[%emt 0:00:30]} 3. g3 {[%emt 0:00:30]} d5 {[%emt 0:00:30]} 4. exd5 {[%emt 0:00:30]} Nxd5 {[%emt 0:00:30]} 5. Bg2 {[%emt 0:00:30]} Nxc3 {[%emt 0:00:30]} 6. bxc3 {[%emt 0:00:30]} Nc6 {[%emt 0:00:30]} 7. Nf3 {[%emt 0:00:30]} Bc5 {[%emt 0:00:30]} 8. O-O {[%emt 0:00:30]} O-O {[%emt 0:00:30]} 9. d3 {[%emt 0:00:30]} Bg4 {[%emt 0:00:30]} 10. h3 {[%emt 0:00:30]} Bh5 {[%emt 0:00:30]} 11. Qe1 {[%emt 0:00:30]} Re8 {[%emt 0:00:30]} 12. Rb1 {[%emt 0:00:30]} Bb6 {[%emt 0:00:30]} 13. a4 {[%emt 0:00:30]} Bg6 {[%emt 0:00:30]} 14. Nd2 {[%emt 0:00:30]} Qe7 {[%emt 0:00:30]} 15. Nc4 {[%emt 0:00:30]} Qe6 {[%emt 0:00:30]} 16. Qe2 {[%emt 0:00:30]} e4 {[%emt 0:00:30]} 17. d4 {[%emt 0:00:30]} Bxd4 {[%emt 0:00:30]} 18. Rxb7 {[%emt 0:00:30]} Bxc3 {[%emt 0:00:30]} 19. Rxc7 {[%emt 0:00:30]} Rac8 {[%emt 0:00:30]} 20. Rxc8 {[%emt 0:00:30]} Rxc8 {[%emt 0:00:30]} 21. Be3 {[%emt 0:00:30]} Nb4 {[%emt 0:00:30]} 22. Rd1 {[%emt 0:00:30]} Qa6 {[%emt 0:00:30]} 23. Bf1 {[%emt 0:00:30]} Qxa4 {[%emt 0:00:30]} 24. Nd6 {[%emt 0:00:30]} Rb8 {[%emt 0:00:30]} 25. Qc4 {[%emt 0:00:30]} Qc6 {[%emt 0:00:30]} 26. Qxc6 {[%emt 0:00:30]} Nxc6 {[%emt 0:00:30]} 27. Nb5 {[%emt 0:00:30]} Bf6 {[%emt 0:00:30]} 28. Nxa7 {[%emt 0:00:30]} Ne5 {[%emt 0:00:30]} 29. c4 {[%emt 0:00:30]} Bf5 {[%emt 0:00:30]} 30. c5 {[%emt 0:00:30]} Ra8 {[%emt 0:00:30]} 31. Nb5 {[%emt 0:00:30]} Bd7 {[%emt 0:00:30]} 32. Nc7 {[%emt 0:00:30]} Rc8 {[%emt 0:00:30]} 33. Nd5 {[%emt 0:00:30]} Bd8 {[%emt 0:00:30]} 34. Kg2 {[%emt 0:00:30]} Be6 {[%emt 0:00:30]} 35. Ba6 {[%emt 0:00:30]} Ra8 {[%emt 0:00:30]} 36. Bb7 {[%emt 0:00:30]} Rb8 37. c6 {[%emt 0:00:30]} Bxd5 {[%emt 0:01:00]} 38. Rxd5 {[%emt 0:00:30]} Bc7 39. Bf4 {[%emt 0:00:30]} Re8 {[%emt 0:01:00]} 40. Bxe5 {[%emt 0:00:30]} Bxe5 {[%emt 0:00:30]} 41. Rxe5 {[%emt 0:00:30]} Rxe5 {[%emt 0:00:30]} 42. c7 {[%emt 0:00:30]} 1-0

[Event "15th Lazio Festival 2022"]
[Site "Rome"]
[Date "2022.01.06"]
[Round "7.1"]
[White "Lami, Damiano"]
[Black "Corvi, Marco"]
[Result "0-1"]
[WhiteElo "2019"]
[BlackElo "2288"]
[Annotator "TA"]
[PlyCount "130"]
[EventDate "2022.01.02"]
[EventType "swiss"]
[EventCountry "ITA"]
[SourceTitle "playchess.com"]
[Source "ChessBase"]
[SourceQuality "1"]

{[%evp 9,130,25,24,0,23,14,60,59,57,50,27,16,56,5,6,-16,0,-12,-22,-22,-23,-22,-11,-36,-29,-27,-28,-86,-8,-7,-11,-11,-16,-9,-8,-64,0,0,0,0,8,11,12,17,8,0,29,0,0,0,0,0,0,0,0,0,0,0,0,0,0,0,0,0,0,0,0,0,0,0,0,0,-6,-12,0,0,0,0,0,0,8,0,0,0,0,0,0,-8,0,0,8,8,8,8,8,8,8,8,8,8,16,8,8,8,11,11,11,-513,-513,-768,-768,-761,-761,-733,-699,-597,-362,-29978,-29978,-29980,-29981,-29981,-29980]} 1. e4 c5 2. d4 cxd4 3. c3 d3 4. Nf3 g6 5. Bxd3 Bg7 6. e5 {B21: Sicilian: 2 f4 and Morra Gambit.} Nc6 7. Bf4 d6 (7... f6 $1 $11) 8. exd6 $14 {White is slightly better.} e5 9. Be3 (9. Qe2 {feels hotter.} Bg4 10. Be4 Qxd6 11. Bxc6+ Qxc6 12. Nxe5 Bxe2 13. Nxc6 Bg4 14. Na5) 9... Qxd6 10. Na3 {[#]} Nge7 $146 ({Predecessor:} 10... a6 11. Nc4 Qe7 12. Be4 Nf6 13. Bxc6+ bxc6 14. Nfxe5 O-O 15. O-O Nd5 16. Nxc6 Qc7 17. Qxd5 Bb7 18. N4a5 Rac8 19. Nxb7 Qxb7 20. Nb4 {1-0 (20) Klauke,S (2091)-Roemhild,M (2012) Germany 2017}) 11. Nc4 (11. Nb5 $14 Qd7 12. Be2 Qxd1+ 13. Rxd1) 11... Qd5 $11 {[#]} 12. Qb3 $1 O-O $1 ({Don't do} 12... Qxd3 13. Rd1 Qxd1+ 14. Qxd1 $16) 13. O-O-O {And now Be2 would win.} b5 14. Na3 Qxb3 15. axb3 b4 16. Nb5 bxc3 17. bxc3 Rb8 {[%cal Oe5e4] Hoping for ...e4!} 18. Ng5 (18. Bc4 $11 {keeps the balance.}) 18... Ba6 ({Better is} 18... Bf5 $17 {Strongly threatening ...Bxd3.} 19. Be2 a6) 19. Nxa7 Bxd3 20. Nxc6 Nxc6 21. Rxd3 Rxb3 {With the idea ...f5.} 22. Rhd1 ({White should play} 22. Kc2 $1 $11 Rfb8 23. Ra1) 22... h6 (22... Rc8 $15) 23. Ne4 Rfb8 24. Rd6 Na5 {...Rb1+ is the strong threat.} 25. Rd8+ Kh7 26. Rxb8 Rxb8 27. Rd7 f5 28. Nc5 Re8 29. Ra7 Nc4 30. Nd7 {Black must now prevent Nf6+.} Rc8 31. Bc5 Kg8 {To avoid Bf8} 32. Ra4 Rd8 33. Nb6 Nxb6 34. Bxb6 {[%mdl 4096] Endgame KRB-KRB} Rb8 35. Ra6 e4 36. c4 Rc8 37. Ra4 $1 Kf7 38. Ra7+ Kg8 39. Ra4 Be5 40. g3 Kf7 41. Kc2 Rc6 42. c5 Ke6 43. Kb3 Kd5 44. Ra2 Re6 45. Rd2+ Kc6 46. Kc4 g5 47. Re2 Bb8 48. h3 f4 49. gxf4 gxf4 50. Kd4 e3 51. fxe3 Re7 52. Kd3 Rd7+ 53. Ke4 Re7+ 54. Kf3 Rf7 55. e4 {Threatening Rg2.} Be5 56. Rg2 {Threatens to win with h4.} Rd7 57. Rg6+ Kb5 {[#] aiming for ...Rd3+.} 58. Rxh6 $2 {[%mdl 8192] Loses the game.} (58. c6 $1 $11 {and White is okay.} Rd3+ 59. Ke2 Rxh3 60. c7) 58... Rd3+ $19 59. Kg4 f3 {[%cal Bf4f3,Bf3f2][%mdl 32] ( -> ...f2)} 60. Rh5 {[#]} f2 $1 61. Rf5 Bd4 62. Ba7 {[%cal Oc5c6]} Ka6 63. c6 $2 (63. Bb8 $19 Rd1 64. c6) 63... Bxa7 {Black mates.} 64. c7 Kb7 65. Rb5+ Kxc7 {Weighted Error Value: White=0.37/Black=0.12 (very precise)} 0-1

[Event "15th Lazio Festival 2022"]
[Site "Rome"]
[Date "2022.01.06"]
[Round "7.2"]
[White "Petrov, Marian"]
[Black "Zotti, Enrico"]
[Result "1-0"]
[WhiteElo "2461"]
[BlackElo "1829"]
[Annotator "TA"]
[PlyCount "75"]
[EventDate "2022.01.02"]
[EventType "swiss"]
[EventCountry "ITA"]
[SourceTitle "playchess.com"]
[Source "ChessBase"]
[SourceQuality "1"]

{[%evp 9,75,77,83,79,95,77,89,78,89,91,109,102,113,102,102,108,104,94,135,137,231,231,267,159,167,146,281,159,180,187,258,249,287,279,287,262,557,534,556,558,573,554,561,558,523,535,584,558,611,611,646,612,600,583,856,800,1302,1268,1304,1244,5514,3113,29988,29989,29994,29995,29995,29996]} 1. e4 c5 2. Nf3 d6 3. c3 Nc6 4. d4 Nf6 5. d5 Nb8 6. Bd3 {B22: Sicilian: 2 c3.} g6 7. c4 Bg7 8. h3 {White is better.} Nbd7 9. Nc3 {[#]} Ne5 $146 ({Predecessor:} 9... a6 10. O-O O-O 11. Bf4 Nh5 12. Bh2 e5 13. dxe6 fxe6 14. Bxd6 Re8 15. e5 Nb8 {1-0 (24) Fontaine,Q (2324)-Anisa,A (1999) Tornelo INT 2021}) 10. Nxe5 dxe5 11. Be3 b6 12. a3 O-O 13. O-O Ne8 (13... Bd7 $142) 14. b4 $16 {White is more active.} cxb4 (14... Bd7 $16 15. bxc5 bxc5) 15. axb4 $18 f5 16. Be2 (16. f3 $18) 16... f4 $16 17. Bc1 g5 (17... Qc7 $16 {might work better.}) 18. g4 (18. c5 $18) 18... h5 19. c5 Bf6 (19... bxc5 $142 20. bxc5 Nf6) 20. Kg2 $18 h4 21. Bb5 a5 22. Bc6 {Prevents Bb7.} Ra6 {[#]} (22... Rb8) 23. b5 Ra7 24. Na4 {[%cal Bc3a4,Ba4c5,Bc5d7][%mdl 32]} bxc5 25. b6 Rb7 26. Bxb7 Bxb7 27. Nxc5 Qxb6 28. Nd7 {[%csl LRb6,LRf8]} Qb5 29. Nxf8 Kxf8 30. Ba3 Ba6 31. Re1 Nd6 32. Rb1 Qc4 33. Bxd6 exd6 34. Qb3 a4 35. Qb8+ Kf7 36. Rbc1 {White mates.} Qd3 37. Rc7+ Be7 38. Qd8 {Weighted Error Value: White=0.11 (very precise) /Black=0.70} 1-0

[Event "15th Lazio Festival 2022"]
[Site "Rome"]
[Date "2022.01.06"]
[Round "7.3"]
[White "Brozzi, Danilo"]
[Black "Aghayev, Miragha"]
[Result "0-1"]
[WhiteElo "1728"]
[BlackElo "2393"]
[Annotator "ChessBase"]
[PlyCount "124"]
[EventDate "2022.01.02"]
[EventType "swiss"]
[EventCountry "ITA"]
[SourceTitle "playchess.com"]
[Source "ChessBase"]
[SourceQuality "1"]
[TimeControl "5400+30"]

1. d4 {[%emt 0:00:02]} Nf6 {[%emt 0:08:33]} 2. c4 {[%emt 0:00:14]} g6 {[%emt 0:00:06]} 3. Nc3 {[%emt 0:00:06]} d5 {[%emt 0:00:04]} 4. cxd5 {[%emt 0:00:10]} Nxd5 {[%emt 0:00:05]} 5. e4 {[%emt 0:00:07]} Nxc3 {[%emt 0:00:05]} 6. bxc3 {[%emt 0:00:06]} Bg7 {[%emt 0:00:02]} 7. Bc4 {[%emt 0:00:06]} O-O {[%emt 0:00:05]} 8. Ne2 {[%emt 0:00:20]} c5 {[%emt 0:00:10]} 9. Be3 {[%emt 0:00:03]} Nc6 {[%emt 0:00:05]} 10. O-O {[%emt 0:00:32]} Na5 {[%emt 0:00:20]} 11. Bd3 {[%emt 0:02:09]} b6 {[%emt 0:01:04]} 12. f3 {[%emt 0:05:05]} Qc7 {[%emt 0:00:36]} 13. Rc1 {[%emt 0:02:24]} e5 {[%emt 0:03:35]} 14. Qe1 {[%emt 0:11:30]} Qd6 {[%emt 0:16:59]} 15. d5 {[%emt 0:08:29]} c4 {[%emt 0:01:01]} 16. Bb1 {[%emt 0:00:29]} f5 {[%emt 0:00:09]} 17. g3 {[%emt 0:06:56]} Nb7 {[%emt 0:03:22]} 18. Kg2 {[%emt 0:07:06]} Nc5 {[%emt 0:08:13]} 19. Qd2 {[%emt 0:02:46]} Bd7 {[%emt 0:06:57]} 20. Bc2 {[%emt 0:03:21]} Rf7 {[%emt 0:00:59]} 21. Rb1 {[%emt 0:03:23]} fxe4 {[%emt 0:04:07]} 22. fxe4 {[%emt 0:00:25]} Raf8 {[%emt 0:00:45]} 23. Ng1 {[%emt 0:01:54]} b5 {[%emt 0:05:37]} 24. Rxf7 {[%emt 0:02:19]} Rxf7 {[%emt 0:00:22]} 25. Rf1 {[%emt 0:00:01]} Rxf1 {[%emt 0:00:29]} 26. Kxf1 {[%emt 0:00:08]} a5 {[%emt 0:00:17]} 27. Qf2 {[%emt 0:05:54]} Nb7 {[%emt 0:00:49]} 28. Bd2 {[%emt 0:01:53]} Bf8 {[%emt 0:02:44]} 29. Nf3 {[%emt 0:02:26]} h6 {[%emt 0:10:35]} 30. Bc1 {[%emt 0:01:54]} Bh3+ {[%emt 0:01:46]} 31. Ke1 {[%emt 0:00:43]} Nc5 {[%emt 0:02:23]} 32. Be3 {[%emt 0:01:41]} Nb7 {[%emt 0:01:20]} 33. Qd2 {[%emt 0:00:44]} Qf6 {[%emt 0:01:45]} 34. Qf2 {[%emt 0:00:32]} Bd7 {[%emt 0:01:28]} 35. Nd2 {[%emt 0:00:29]} Qe7 {[%emt 0:02:31]} 36. Nb1 {[%emt 0:03:17]} b4 {[%emt 0:00:42]} 37. Qd2 {[%emt 0:02:03]} Kh7 {[%emt 0:00:38]} 38. Qe2 {[%emt 0:01:29]} Bb5 {[%emt 0:00:59]} 39. Qf2 {[%emt 0:01:33]} Kg8 {[%emt 0:01:21]} 40. Qd2 {[%emt 0:00:13]} Qf7 {[%emt 0:01:47]} 41. Qf2 {[%emt 0:00:47]} Qe7 {[%emt 0:02:08]} 42. Qd2 {[%emt 0:00:10]} g5 {[%emt 0:01:16]} 43. Qf2 {[%emt 0:00:29]} Kg7 {[%emt 0:01:58]} 44. h4 {[%emt 0:00:20]} gxh4 {[%emt 0:02:57]} 45. gxh4 {[%emt 0:00:06]} Qf6 {[%emt 0:00:16]} 46. Qxf6+ {[%emt 0:01:16]} Kxf6 {[%emt 0:00:11]} 47. Kf2 {[%emt 0:00:00]} Bc5 {[%emt 0:01:17]} 48. Bd1 {[%emt 0:00:44]} Ke7 {[%emt 0:04:28]} 49. Kf3 {[%emt 0:00:45]} Bxe3 {[%emt 0:00:38]} 50. Kxe3 {[%emt 0:00:03]} Kd6 {[%emt 0:00:14]} 51. Be2 {[%emt 0:00:38]} Kc5 {[%emt 0:00:10]} 52. Bd1 {[%emt 0:00:28]} Nd6 {[%emt 0:00:33]} 53. Bc2 {[%emt 0:00:20]} Be8 {[%emt 0:00:20]} 54. Kd2 {[%emt 0:03:04]} Bh5 {[%emt 0:00:57]} 55. Ke3 {[%emt 0:00:40]} Nc8 {[%emt 0:00:27]} 56. Kf2 {[%emt 0:01:18]} Ne7 {[%emt 0:00:28]} 57. Ke3 {[%emt 0:02:59]} Ng6 {[%emt 0:00:08]} 58. Nd2 {[%emt 0:00:15]} Nxh4 {[%emt 0:00:13]} 59. d6 {[%emt 0:00:20]} Be8 {[%emt 0:00:22]} 60. Bd1 {[%emt 0:01:10]} Ng2+ {[%emt 0:00:31]} 61. Kf2 {[%emt 0:00:34]} Nf4 {[%emt 0:00:53]} 62. Ke3 {[%emt 0:00:05]} Bb5 {[%emt 0:00:37]} 0-1

[Event "15th Lazio Festival 2022"]
[Site "Rome"]
[Date "2022.01.06"]
[Round "7.4"]
[White "Spada, Dario"]
[Black "De Blasio, Alessandro"]
[Result "0-1"]
[WhiteElo "1749"]
[BlackElo "1934"]
[Annotator "NA"]
[PlyCount "54"]
[EventDate "2022.01.02"]
[EventType "swiss"]
[EventCountry "ITA"]
[SourceTitle "playchess.com"]
[Source "ChessBase"]
[SourceQuality "1"]
[TimeControl "5400+30"]

1. d4 {[%emt 0:00:03]} d5 {[%emt 0:00:07]} 2. Nc3 {[%emt 0:00:04]} c6 {[%emt 0:00:31]} 3. e3 {[%emt 0:00:07]} Nf6 {[%emt 0:00:15]} 4. Bd3 {[%emt 0:00:06]} Nbd7 {[%emt 0:02:00]} 5. f4 {[%emt 0:00:10]} e6 {[%emt 0:00:08]} 6. a3 {[%emt 0:00:07]} c5 {[%emt 0:00:42]} 7. Nf3 {[%emt 0:00:17]} b6 {[%emt 0:03:24]} 8. Ne5 {[%emt 0:01:24]} Be7 {[%emt 0:08:12]} 9. O-O {[%emt 0:01:08]} Bb7 {[%emt 0:00:41]} 10. Qf3 {[%emt 0:04:34]} g6 {[%emt 0:03:53]} 11. Bd2 {[%emt 0:05:50]} Qc8 {[%emt 0:03:41]} (11... O-O $15) 12. g4 $11 {[%emt 0:16:42]} (12. Be1 {is more appropriate.}) 12... c4 {[%emt 0:12:09]} 13. Be2 {[%emt 0:00:53]} Ne4 {[%emt 0:00:11]} 14. Nxe4 {[%emt 0:01:23]} dxe4 {[%emt 0:00:09]} 15. Qf2 {[%emt 0:00:16]} Bd5 {[%emt 0:02:45]} 16. g5 {[%emt 0:24:23]} h5 {[%emt 0:20:31]} 17. c3 {[%emt 0:23:11]} b5 {[%emt 0:04:25]} 18. b3 {[%emt 0:02:44]} Nb6 {[%emt 0:05:18]} 19. a4 {[%emt 0:02:10]} bxa4 {[%emt 0:01:20]} 20. bxc4 {[%emt 0:02:10]} Nxc4 {[%emt 0:02:35]} 21. Rxa4 {[%emt 0:02:14]} Nxe5 {[%emt 0:04:07]} 22. fxe5 {[%emt 0:00:09]} O-O {[%emt 0:00:11]} 23. Qh4 {[%emt 0:05:09]} Qd8 {[%emt 0:07:56]} 24. Rf6 {[%emt 0:00:44]} Kg7 {[%emt 0:04:32]} 25. Ra1 {[%emt 0:03:07]} Rh8 {[%emt 0:00:50]} 26. Raf1 {[%emt 0:01:31]} Bxf6 {[%emt 0:00:51]} 27. gxf6+ {[%emt 0:01:01]} Kh7 {[%emt 0:00:29]} 0-1

[Event "15th Lazio Festival 2022"]
[Site "Rome"]
[Date "2022.01.06"]
[Round "7.5"]
[White "Maxion, Dirk"]
[Black "Silici, Renato"]
[Result "1-0"]
[WhiteElo "2089"]
[BlackElo "1727"]
[Annotator "NA"]
[PlyCount "67"]
[EventDate "2022.01.02"]
[EventType "swiss"]
[EventCountry "ITA"]
[SourceTitle "playchess.com"]
[Source "ChessBase"]
[SourceQuality "1"]
[TimeControl "5400+30"]

1. e4 {[%emt 0:00:07]} e6 {[%emt 0:00:05]} 2. d4 {[%emt 0:00:08]} d5 {[%emt 0:00:05]} 3. Nc3 {[%emt 0:00:28]} Nf6 {[%emt 0:00:30]} 4. Bg5 {[%emt 0:01:50]} dxe4 {[%emt 0:04:04]} 5. Nxe4 {[%emt 0:00:12]} Be7 {[%emt 0:00:07]} 6. Bxf6 {[%emt 0:00:35]} Bxf6 {[%emt 0:00:23]} 7. Nf3 {[%emt 0:01:17]} Nc6 {[%emt 0:00:46]} 8. c3 {[%emt 0:01:22]} Be7 {[%emt 0:01:56]} 9. Bb5 {[%emt 0:05:19]} Bd7 {[%emt 0:05:03]} 10. Qe2 {[%emt 0:00:45]} Nb8 {[%emt 0:02:38]} 11. Bd3 {[%emt 0:04:22]} Bc6 {[%emt 0:01:24]} 12. Ne5 {[%emt 0:05:05]} Bf6 {[%emt 0:07:21]} (12... Bd5 $14) 13. Nxc6 {[%emt 0:04:00]} Nxc6 {[%emt 0:00:46]} 14. Bb5 {[%emt 0:00:25]} Qd5 {[%emt 0:02:17]} 15. O-O-O $14 {[%emt 0:03:11]} (15. Bc4 $16 Qf5 16. d5) 15... O-O-O {[%emt 0:04:14]} 16. Kb1 {[%emt 0:06:10]} Ne7 {[%emt 0:07:32]} 17. h4 {[%emt 0:05:10]} Ng6 {[%emt 0:03:20]} 18. g3 {[%emt 0:00:33]} c6 {[%emt 0:05:55]} 19. Bc4 {[%emt 0:00:24]} Qd7 {[%emt 0:01:16]} 20. Qf3 {[%emt 0:02:08]} Qe7 {[%emt 0:05:27]} 21. h5 {[%emt 0:00:52]} Nf8 {[%emt 0:00:48]} 22. Rhe1 {[%emt 0:01:08]} Nd7 {[%emt 0:02:03]} 23. h6 {[%emt 0:02:46]} Rhg8 {[%emt 0:04:11]} 24. hxg7 {[%emt 0:00:22]} Bxg7 {[%emt 0:00:31]} 25. Qxf7 {[%emt 0:00:11]} Qxf7 {[%emt 0:00:40]} 26. Nd6+ {[%emt 0:00:11]} Kc7 {[%emt 0:00:13]} 27. Nxf7 {[%emt 0:00:12]} Rde8 {[%emt 0:02:56]} 28. Ng5 {[%emt 0:04:09]} Nf8 {[%emt 0:04:02]} 29. Bxe6 {[%emt 0:00:41]} Nxe6 {[%emt 0:00:20]} 30. Nxe6+ {[%emt 0:01:02]} Kd6 {[%emt 0:00:13]} 31. Nxg7 {[%emt 0:00:29]} Rxe1 {[%emt 0:00:19]} 32. Nf5+ {[%emt 0:00:11]} Ke6 {[%emt 0:00:11]} 33. Rxe1+ {[%emt 0:00:12]} Kxf5 {[%emt 0:35:24]} 34. Re7 {[%emt 0:00:10]} 1-0

[Event "15th Lazio Festival 2022"]
[Site "Rome"]
[Date "2022.01.06"]
[Round "7.6"]
[White "Agostini, Maurizio"]
[Black "Di Maulo, Alessandra"]
[Result "1-0"]
[WhiteElo "1972"]
[BlackElo "1810"]
[Annotator "NA"]
[PlyCount "133"]
[EventDate "2022.01.02"]
[EventType "swiss"]
[EventCountry "ITA"]
[SourceTitle "playchess.com"]
[Source "ChessBase"]
[SourceQuality "1"]
[TimeControl "5400+30"]

1. d4 {[%emt 1:31:00]} d5 {[%emt 1:31:00]} 2. c4 {[%emt 0:00:30]} e6 {[%emt 0:00:30]} 3. Nc3 {[%emt 0:00:30]} Be7 {[%emt 0:00:30]} 4. Nf3 {[%emt 0:00:30]} Nf6 {[%emt 0:00:30]} 5. Bf4 {[%emt 0:00:30]} O-O {[%emt 0:00:30]} 6. e3 {[%emt 0:00:30]} h6 {[%emt 0:00:30]} 7. h3 {[%emt 0:00:30]} dxc4 {[%emt 0:00:30]} 8. Bxc4 {[%emt 0:00:30]} a6 {[%emt 0:00:30]} 9. O-O {[%emt 0:00:30]} b5 {[%emt 0:00:30]} 10. Bd3 {[%emt 0:00:30]} Bb7 {[%emt 0:00:30]} 11. Rc1 {[%emt 0:00:30]} Nbd7 {[%emt 0:00:30]} 12. Qe2 {[%emt 0:00:30]} c5 {[%emt 0:00:30]} 13. Rfd1 {[%emt 0:00:30]} Qb6 {[%emt 0:00:30]} 14. dxc5 {[%emt 0:00:30]} Nxc5 $11 {[%emt 0:00:30]} 15. Bc2 {[%emt 0:00:30]} Rfd8 {[%emt 0:00:30]} 16. b4 {[%emt 0:00:30]} Rxd1+ {[%emt 0:00:30]} 17. Qxd1 {[%emt 0:00:30]} Ncd7 {[%emt 0:00:30]} 18. a3 {[%emt 0:00:30]} Rc8 {[%emt 0:00:30]} 19. Bd3 {[%emt 0:00:30]} Qd8 {[%emt 0:00:30]} 20. Ne5 {[%emt 0:00:30]} Nxe5 {[%emt 0:00:30]} 21. Bxe5 {[%emt 0:00:30]} Nd5 {[%emt 0:00:30]} 22. Qg4 {[%emt 0:00:30]} Bf6 {[%emt 0:00:30]} 23. Qd4 {[%emt 0:00:30]} Nxc3 {[%emt 0:00:30]} 24. Qxd8+ {[%emt 0:00:30]} Rxd8 {[%emt 0:00:30]} 25. Bxf6 {[%emt 0:00:30]} Rxd3 {[%emt 0:00:30]} 26. Bxc3 {[%emt 0:00:30]} Kf8 {[%emt 0:00:30]} 27. Kf1 {[%emt 0:00:30]} f6 {[%emt 0:00:30]} 28. Ke2 {[%emt 0:00:30]} Rd7 {[%emt 0:00:30]} 29. g3 {[%emt 0:00:30]} Ke7 {[%emt 0:00:30]} 30. Bd4 {[%emt 0:00:30]} h5 {[%emt 0:00:30]} 31. h4 {[%emt 0:00:30]} Kd8 {[%emt 0:00:30]} 32. f3 {[%emt 0:00:30]} Ke7 {[%emt 0:00:30]} 33. g4 {[%emt 0:00:30]} g6 {[%emt 0:00:30]} 34. gxh5 {[%emt 0:00:30]} gxh5 {[%emt 0:00:30]} 35. Rc5 {[%emt 0:00:30]} Rd5 {[%emt 0:00:30]} 36. Rc7+ {[%emt 0:00:30]} Rd7 {[%emt 0:00:30]} 37. Bxf6+ {[%emt 0:00:30]} Ke8 {[%emt 0:00:30]} 38. Rxd7 {[%emt 0:00:30]} Kxd7 {[%emt 0:00:30]} 39. Kf2 {[%emt 0:00:30]} Bd5 {[%emt 0:00:30]} 40. e4 {[%emt 0:00:30]} Bc4 {[%emt 0:00:30]} 41. Ke3 {[%emt 0:00:30]} Bf1 {[%emt 0:00:30]} 42. Kd4 {[%emt 0:00:30]} Kc6 {[%emt 0:00:30]} 43. Ke5 {[%emt 0:00:30]} Kd7 {[%emt 0:00:30]} 44. Kf4 {[%emt 0:00:30]} Be2 {[%emt 0:00:30]} 45. Ke3 {[%emt 0:00:30]} Bf1 {[%emt 0:00:30]} 46. Kd4 {[%emt 0:00:30]} Kc6 {[%emt 0:00:30]} 47. f4 {[%emt 0:00:30]} Bh3 {[%emt 0:00:30]} 48. Ke5 {[%emt 0:00:30]} Bg4 {[%emt 0:00:30]} 49. Bg5 {[%emt 0:00:30]} Kd7 {[%emt 0:00:30]} 50. Kf6 {[%emt 0:00:30]} Bf3 {[%emt 0:00:30]} 51. Ke5 {[%emt 0:00:30]} Bg4 {[%emt 0:00:30]} 52. f5 {[%emt 0:00:30]} exf5 {[%emt 0:00:30]} 53. exf5 {[%emt 0:00:30]} Ke8 {[%emt 0:00:30]} 54. Kf6 {[%emt 0:00:30]} Kf8 {[%emt 0:00:30]} 55. Kg6 {[%emt 0:00:30]} Bf3 {[%emt 0:00:30]} 56. Bh6+ {[%emt 0:00:30]} Kg8 {[%emt 0:00:30]} 57. f6 {[%emt 0:00:30]} Bd5 {[%emt 0:00:30]} 58. Kxh5 {[%emt 0:00:30]} Bf7+ {[%emt 0:00:30]} 59. Kg5 {[%emt 0:00:30]} Kh7 {[%emt 0:00:30]} 60. Bf8 {[%emt 0:00:30]} Be6 {[%emt 0:00:30]} 61. Kf4 {[%emt 0:00:30]} Kg6 {[%emt 0:00:30]} 62. Ke5 {[%emt 0:00:30]} Bg4 {[%emt 0:00:30]} 63. Bc5 {[%emt 0:00:30]} Kf7 {[%emt 0:00:30]} 64. Bd4 {[%emt 0:00:30]} Kg6 {[%emt 0:00:30]} 65. Kd6 {[%emt 0:00:30]} Bf3 {[%emt 0:00:30]} 66. Ke7 {[%emt 0:00:30]} Bd5 {[%emt 0:00:30]} 67. h5+ {[%emt 0:00:30]} 1-0